000 01523nam a2200277 i 4500
001 135691
003 ES-MaACL
005 20260120110224.0
007 t|
008 070214s1931 sp r ||||1| spa d
100 1 _aRuiz, Hipólito.
_9100610
245 1 0 _aRelacion del viaje hecho a los reynos del Perú y Chile por los botánicos y dibuxantes enviados para aquella expedición
_b: extractado de los diarios por el orden que llevó en éstos su autor /
_cdon Hipólito Ruiz ; publicada por primera vez por la Comisión de Estudios Retrospectivos de Historia Natural de la Real Academia de Ciencias Exactas, Físicas y Naturales de Madrid y revisada y anotada por el vocal de la misma R. P. A. J. Barreiro, O. S. A.
260 _aMadrid :
_bComision de Estudios Retrospectivos de Historia Natural de la Real Academia de Ciencias Exactas, Fisicas y Naturales,
_c1931.
300 _a558 p. ;
_c26 x 18 cm.
530 _aDisponible en formato digital.
650 4 _aFlora-
_zPerú.
_9164466
650 4 _aFlora-
_zChile.
_9164467
651 4 _aPerú-
_xDescripción-
_vObras anteriores a 1800.
_9142621
651 4 _aChile-
_xDescripción-
_vObras anteriores a 1800.
_9164468
700 1 _aBarreiro, Agustín Jesús,
_d1865-1937
_925888
710 2 _aReal Academia de Ciencias Exactas, Físicas y Naturales de España.
_9175635
852 _aES-MaACL
_jA-18
_cSPP1
856 4 _uhttp://bdh-rd.bne.es/viewer.vm?id=0000040056&page=1
_y(Biblioteca Digital Hispánica)
942 _2udc
999 _c135691
_d135691